000
00328 a2200157 4500
001
61113
020
_a
0138298629
040
_c
Anchieta - Pituba
100
_a
Warshawsky, Diane
240
1
0
_a
Spectrum 1
_l
Ing
245
1
0
_a
Spectrum 1
300
_a
167
362
0
_a
1992
650
4
_a
Inglês e inglês antigo
942
_c
BK
999
_c
61113
_d
61113